Nature's patterns: a tapestry in three parts: shapes (Record no. 52020)

MARC details
000 -LEADER
fixed length control field 00703nam a2200181 a 4500
008 - FIXED-LENGTH DATA ELEMENTS--GENERAL INFORMATION
fixed length control field 130423s2009 ||||||||||||||||| || u
020 ## - INTERNATIONAL STANDARD BOOK NUMBER
International Standard Book Number 9780199604869
050 ## - LIBRARY OF CONGRESS CALL NUMBER
Classification number Q 172.5.C45 Bal
100 ## - MAIN ENTRY--PERSONAL NAME
Personal name Ball, Philip
245 10 - TITLE STATEMENT
Title Nature's patterns: a tapestry in three parts: shapes
Statement of responsibility, etc. by Philip Ball
260 ## - PUBLICATION, DISTRIBUTION, ETC.
Place of publication, distribution, etc. Oxford:
Name of publisher, distributor, etc. Oxford University Press
Date of publication, distribution, etc. 2009
300 ## - PHYSICAL DESCRIPTION
Extent 312p.: ill.
500 ## - GENERAL NOTE
General note bibliography
650 ## - SUBJECT ADDED ENTRY--TOPICAL TERM
Topical term or geographic name entry element CHAOTIC BEHAVIOR IN SYSTEMS
650 ## - SUBJECT ADDED ENTRY--TOPICAL TERM
Topical term or geographic name entry element PATTERN FORMATION (PHYSICAL SCIENCES)
650 ## - SUBJECT ADDED ENTRY--TOPICAL TERM
Topical term or geographic name entry element PATTERN FORMATION (BIOLOGY)
995 ## - RECOMMENDATION 995 [LOCAL, UNIMARC FRANCE]
-- CBU-MAIN LIBRARY (Kitwe)
-- 1
-- AVAILABLE
-- Jun 13, 2013
-- Main Library Open Access Collection
Holdings
Withdrawn status Lost status Source of classification or shelving scheme Damaged status Not for loan Home library Current library Shelving location Date acquired Total Checkouts Full call number Barcode Date last seen Price effective from Koha item type
          CBU-MAIN LIBRARY, KITWE. CBU-MAIN LIBRARY, KITWE.   11/30/2022   Q 172.5.C45 Bal 743808 11/30/2022 11/30/2022 MONOGRAPH